000 00509nam a2200181 a 4500
005 20140310183151.0
008 021029s19uu xx 00 eng d
020 _a9710860399
050 _aHF 5415
_b.G722 2000
100 _aMiranda-Gow, Carmelita
245 _aMarketing management /
_cCarmelita Miranda-Gow.
260 _aMandaluyong City :
_bNational Bookstore,
_c2011.
300 _a301 p. :
_c23 cm.
521 _aBSBA
650 _aMarketing
_xmanagement
942 _cBK
_2lcc
_kLOC
999 _c19657
_d19657